| 000 | 00533nam a2200193 a 4500 | ||
|---|---|---|---|
| 005 | 20210223125400.0 | ||
| 008 | 040607s2000 mx r 000 0 spa d | ||
| 020 | _a8430603786 | ||
| 035 | _aUPN01000133607 | ||
| 049 | _aCG | ||
| 050 | 4 |
_aBL722 _bJ8.2 |
|
| 100 | 1 | _aJuaristi, Jon | |
| 245 | 1 | 3 |
_aEl bosque originario : _bgenealogĂas mĂticas de los pueblos de Europa / _cJon Juaristi. |
| 260 |
_aMadrid : _bTaurus, _c2000. |
||
| 300 | _a347 p. | ||
| 440 | 0 | _aPensamiento | |
| 650 | 4 |
_aMITOLOGIA EUROPEA _916968 |
|
| 905 | _aLibro | ||
| 999 |
_c105758 _d105758 |
||